Miếng bít-tết Tập truyện nhiều tác giả

Gorde:
Xehetasun bibliografikoak
Formatua: Liburua
Hizkuntza:Undetermined
Argitaratua: Hà Nội Thể dục thể thao 1983
Gaiak:
Etiketak: Etiketa erantsi
Etiketarik gabe, Izan zaitez lehena erregistro honi etiketa jartzen!
Thư viện lưu trữ: Trung tâm Học liệu Trường Đại học Cần Thơ
LEADER 00447nam a2200157Ia 4500
001 CTU_9464
008 210402s9999 xx 000 0 und d
082 |a 808.83 
082 |b M306 
245 0 |a Miếng bít-tết 
245 0 |b Tập truyện nhiều tác giả 
260 |a Hà Nội 
260 |b Thể dục thể thao 
260 |c 1983 
650 |a short stories 
980 |a Trung tâm Học liệu Trường Đại học Cần Thơ